Analýza vplyvu príjmových nerovností na ekonomický rast optikou priestorovej ekonometrie záverečná správa k projektu I-15-108-00 : doba riešenia - rok 2015
Saved in:
| Main Author: | |
|---|---|
| Corporate Author: | |
| Other Authors: | , , , |
| Format: | Book |
| Language: | Slovak |
| Published: |
Bratislava
2015
|
| Edition: | 1. vyd. |
| Subjects: | |
| Tags: |
No Tags, Be the first to tag this record!
|
MARC
| LEADER | 00000nam a2200000 4500 | ||
|---|---|---|---|
| 001 | 0223730 | ||
| 005 | 20241003140849.4 | ||
| 041 | 0 | |a slo | |
| 044 | |a SK | ||
| 245 | 1 | 0 | |a Analýza vplyvu príjmových nerovností na ekonomický rast optikou priestorovej ekonometrie |b záverečná správa k projektu I-15-108-00 : doba riešenia - rok 2015 |c zodpovedná riešiteľka: Paula Puškárová, spoluriešiteľky: Erika Bartalosová, Nina Galanská ; recenzenti: Peter Staněk, Ľubomír Billý |
| 250 | |a 1. vyd. | ||
| 264 | 1 | |a Bratislava |c 2015 | |
| 300 | |a [50 s.] | ||
| 610 | 2 | 0 | |a nerovnosť dôchodková |
| 610 | 2 | 0 | |a produkt domáci hrubý |
| 610 | 2 | 0 | |a rast hospodársky |
| 610 | 2 | 0 | |a ekonometria |
| 610 | 2 | 0 | |a modelovanie ekonometrické |
| 100 | 1 | |a Puškárová, Paula, 1985- | |
| 700 | 1 | |a Bartalosová, Erika, 1986- | |
| 700 | 1 | |a Galanská, Nina | |
| 700 | 1 | |a Staněk, Peter | |
| 700 | 1 | |a Billý, Ľubomír | |
| 710 | 2 | |a Ekonomická univerzita v Bratislave. Ústav ekonómie a manažmentu | |